A Short History of Copyright The Genie of Information /

This book tells the story of how, over centuries, people, society and culture created laws affecting supply of information. In the 21st century, uniform global copyright laws are claimed to be indispensable to the success of entertainment, internet and other information industries. Do copyright laws...

Full description

Main Authors: Atkinson, Benedict. (Author, http://id.loc.gov/vocabulary/relators/aut), Fitzgerald, Brian. (http://id.loc.gov/vocabulary/relators/aut)
Corporate Author: SpringerLink (Online service)
Language:English
Published: Cham : Springer International Publishing : Imprint: Springer, 2014.
Edition:1st ed. 2014.
Subjects:
Online Access:https://doi.org/10.1007/978-3-319-02075-4
LEADER 03659nam a22005295i 4500
001 978-3-319-02075-4
003 DE-He213
005 20210618101601.0
007 cr nn 008mamaa
008 131025s2014 gw | s |||| 0|eng d
020 |a 9783319020754  |9 978-3-319-02075-4 
024 7 |a 10.1007/978-3-319-02075-4  |2 doi 
050 4 |a K4240-4343 
072 7 |a LNJ  |2 bicssc 
072 7 |a LAW000000  |2 bisacsh 
072 7 |a LNJ  |2 thema 
082 0 4 |a 343.099  |2 23 
100 1 |a Atkinson, Benedict.  |e author.  |4 aut  |4 http://id.loc.gov/vocabulary/relators/aut 
245 1 2 |a A Short History of Copyright  |h [electronic resource] :  |b The Genie of Information /  |c by Benedict Atkinson, Brian Fitzgerald. 
250 |a 1st ed. 2014. 
264 1 |a Cham :  |b Springer International Publishing :  |b Imprint: Springer,  |c 2014. 
300 |a VIII, 142 p.  |b online resource. 
336 |a text  |b txt  |2 rdacontent 
337 |a computer  |b c  |2 rdamedia 
338 |a online resource  |b cr  |2 rdacarrier 
347 |a text file  |b PDF  |2 rda 
505 0 |a Chapter 1 – Introduction -- Chapter 2 – Origins -- Chapter 3 – Printing, Reformation and Information Control -- Chapter 4 – The 18TH Century: Liberty and Literary Property: Statutory Copyright -- Chapter 5 – The 18TH Century: Liberty and Literary Property -- Chapter 6 – Property, Copyright and Copyright Internationalism -- Chapter 7 – Statutory Developments and Recognition of Industries -- Chapter 8 – 1920-1940: Performing Right and Radio Broadcasting -- Chapter 9 – UNESCO, the UCC and Copyright Access -- Chapter 10 – A Right to Payment, Neighbouring Rights and the Merits of Copyright -- Chapter 11 – Dominance of the United States and Rise of Digital Economy -- Chapter 12 – Dissent and P2P -- Chapter 13 – Access and Networking -- Chapter 14 – The Meaning and Future of Copyright -- Chapter 15 - Conclusion. 
520 |a This book tells the story of how, over centuries, people, society and culture created laws affecting supply of information. In the 21st century, uniform global copyright laws are claimed to be indispensable to the success of entertainment, internet and other information industries. Do copyright laws encourage information flow? Many say that copyright laws limit dissemination, harming society. In the last 300 years, industries armed with copyrights controlled output and distribution. Now the internet’s disruption of economic patterns may radically reshape information regulation. Information freedom, a source of emancipation, may change the world. 
650 0 |a Mass media. 
650 0 |a Law. 
650 0 |a Private international law. 
650 0 |a Conflict of laws. 
650 0 |a Political science. 
650 1 4 |a IT Law, Media Law, Intellectual Property.  |0 https://scigraph.springernature.com/ontologies/product-market-codes/R15009 
650 2 4 |a Private International Law, International & Foreign Law, Comparative Law .  |0 https://scigraph.springernature.com/ontologies/product-market-codes/R14002 
650 2 4 |a Philosophy of Law.  |0 https://scigraph.springernature.com/ontologies/product-market-codes/E27000 
700 1 |a Fitzgerald, Brian.  |e author.  |4 aut  |4 http://id.loc.gov/vocabulary/relators/aut 
710 2 |a SpringerLink (Online service) 
773 0 |t Springer Nature eBook 
776 0 8 |i Printed edition:  |z 9783319020761 
776 0 8 |i Printed edition:  |z 9783319020747 
776 0 8 |i Printed edition:  |z 9783319377070 
856 4 0 |u https://doi.org/10.1007/978-3-319-02075-4 
912 |a ZDB-2-SHU 
912 |a ZDB-2-SXLC 
950 |a Humanities, Social Sciences and Law (SpringerNature-11648) 
950 |a Law and Criminology (R0) (SpringerNature-43727)